Reglamento que forma la haceduría, para el manejo de todos los administradores de diezmos del obispado.

Detalles Bibliográficos
Formato: Libro
Materias:
Colección:Banco de datos
Acervo:Biblioteca del Convento de San Pablo. Yuririahupándaro. Guanajuato
Tema general:Derecho Eclesiástico
Notas:Buena. Ex libris de Fr. Gundislavo M. Tapia. 3D1, 1.
LEADER 00651nam a22001690004500
035 |a 35068 
036 |a 709 
245 1 0 |a Reglamento que forma la haceduría, para el manejo de todos los administradores de diezmos del obispado. 
500 |a Buena. Ex libris de Fr. Gundislavo M. Tapia. 3D1, 1. 
650 1 0 |a Derecho Eclesiástico 
949 |a CRG-CY 
959 |a Ex convento de San Pablo, Museo Regional de Yuririahpúndaro, Guanajuato  |b CCC9 
960 |a Convento San Pablo Yuririahpúndaro, Guanajuato  |b DD86 
961 |a Agustina  |b OA 
942 |c CRG-CY 
943 |g Biblioteca del Convento de San Pablo. Yuririahupándaro. Guanajuato 
999 |c 955734  |d 955734